00799nam a22001817a 450000500170000000800410001702000180005804000070007604100080008308200200009110000210011124500480013226000440018030000290022436500640025352002680031765000320058520230208121338.0230130b ||||| |||| 00| 0 eng d a9780199393213 cAL aeng 223a423.1bWILK aRaymond Williams aKeywordsbVocabulary of culture and society aNew YorkbOxford University Pressc2015 axxxix,270pbPBc21x14cm. 2Generala7353b₹2360.00c₹d₹2950.00e20%f23-01-2023 aFeaturing a new original foreword, written by Colin MacCabe A collection of 176 short essays on key words in our society Demonstrates how various words have changed over time to take on new meanings, and how these changes reflect our shifting values and politics. 2EtymologyaEnglish Language